00271 a2200109 450000100060000008200180000610000280002424500340005226000420008630000100012850000230013890342 a340.59082 ABD aMuhammad Bin Abdul Aziz aFatawa Baraye KhawateenhUrdu aKarachibDarus Salam Publishersc2009 a488p. aGeneral Collection